ON THE BANKS OF THE SUEZ AN ISRAALI GENERAL PERSONAL ACCOUNT OF THE YOM KIPPER WAR (Record no. 580320)

000 -LEADER
fixed length control field 00345nam a22001217a 4500
020 ## - INTERNATIONAL STANDARD BOOK NUMBER
International Standard Book Number 0-85368-177-5
082 ## - DEWEY DECIMAL CLASSIFICATION NUMBER
Classification number 355.02 ADA'O
100 ## - MAIN ENTRY--PERSONAL NAME
Personal name ADAN, AVRAHAM (BREN)
9 (RLIN) 49388
245 ## - TITLE STATEMENT
Title ON THE BANKS OF THE SUEZ AN ISRAALI GENERAL PERSONAL ACCOUNT OF THE YOM KIPPER WAR
260 ## - PUBLICATION, DISTRIBUTION, ETC.
Place of publication, distribution, etc. LONDON
Name of publisher, distributor, etc. ARMS AND ARMOUR
Date of publication, distribution, etc. 1980
300 ## - PHYSICAL DESCRIPTION
Extent 497P
942 ## - ADDED ENTRY ELEMENTS (KOHA)
Koha item type Book
Holdings
Withdrawn status Lost status Damaged status Not for loan Permanent Location Current Location Shelving location Date acquired Total Checkouts Full call number Barcode Date last seen Price effective from Koha item type
        College of Electrical & Mechanical Engineering (CEME) College of Electrical & Mechanical Engineering (CEME) General Stacks 05/11/2017   355.02 ADA'O CEME-15505 06/28/2021 06/28/2021 Book
© 2023 Central Library, National University of Sciences and Technology. All Rights Reserved.